000 02442cam a2200325 4500500
005 20251228071017.0
041 _afre
042 _adc
100 1 0 _aEhrenberg, Alain
_eauthor
700 1 0 _aMarquis, Nicolas
_eauthor
245 0 0 _aQuel rétablissement pour la psychanalyse ? L’enfant-individu et ses troubles à l’âge de l’autonomie normative
260 _c2023.
500 _a42
520 _aL’article distingue trois représentations contemporaines de l’enfant : l’enfant déficient dont la volonté (anormale ou indisciplinée) est à corriger, ensuite des années 40 aux années 80, la figure de l’enfant expressif portée par la psychanalyse, enfin, l’enfant acteur et handicapé, promu par les neurosciences cognitives. Ces trois figures forment les différents paramètres de l’idéal du potentiel caché appliqué aux enfants. Elles constituent diverses façons de définir les troubles, leurs origines, leurs significations et la solution à y apporter. Enfin, l’article montre comment elles peuvent se rencontrer dans l’approche en termes de « compétences psychosociales ».
520 _aThe article distinguishes three contemporary representations of the child: the deficient child whose will (abnormal or undisciplined) is to be corrected, then from the 40’s to the 80’s, the figure of the expressive child carried by psychoanalysis, finally, the actor and handicapped child, promoted by cognitive neuroscience. These three figures constitute the different parameters of the ideal of hidden potential applied to children. They constitute different ways of defining disorders, their origins, their meanings and the solution to be brought to them. Finally, the article shows how they can meet in the approach in terms of "psychosocial skills".
690 _acompétences psychosociales
690 _aEnfant
690 _aneurosciences cognitives
690 _apotentiel caché
690 _apouvoir d’agir
690 _apsychanalyse
690 _aChild
690 _acognitive neuroscience
690 _ahidden potential
690 _apower of action
690 _apsychoanalysis
690 _apsychosocial skills
786 0 _nNouvelle Revue de l'Enfance et de l'Adolescence | 8 | 1 | 2023-04-19 | p. 67-85 | 2644-9633
856 4 1 _uhttps://shs.cairn.info/revue-nouvelle-revue-de-l-enfance-et-de-l-adolescence-2023-1-page-67?lang=fr&redirect-ssocas=7080
999 _c1593437
_d1593437